000 00329nam a2200145Ia 4500
008 210215s9999 xx 000 0 und d
020 _a9789388818278
082 _a615.5
_bKAR-P
100 _aKAR ASHUTOSH
245 0 _aPHARMACOGNOSY AND PHYTOCHEMISTRY
250 _a1ST
260 _bNEW AGE
300 _a327
942 _cBK
999 _c33201
_d33201